Normal view
MARC view
- CUSTEMER SERVICES-COMMUNICATION SYSTEMS, INTERNET MARKETING.WORLD WIDE WEB.INTERNET- (COMPUTER NETWORK)
Entry Topical Term
001 - CONTROL NUMBER
- control field: 70403
003 - CONTROL NUMBER IDENTIFIER
- control field: NUST
005 - DATE AND TIME OF LATEST TRANSACTION
- control field: 20210628204443.0
008 - FIXED-LENGTH DATA ELEMENTS
- fixed length control field: 210628|| aca||aabn | a|a d
040 ## - CATALOGING SOURCE
- Original cataloging agency: NUST
- Transcribing agency: NUST
150 ## - HEADING--TOPICAL TERM
- Topical term or geographic name entry element: CUSTEMER SERVICES-COMMUNICATION SYSTEMS, INTERNET MARKETING.WORLD WIDE WEB.INTERNET- (COMPUTER NETWORK)
670 ## - SOURCE DATA FOUND
- Source citation: Work cat.: (NUST): Sterne, Jim 60293, Customer service on the internet building relationships, increasing loyalty ans staying competitive, 2000
